000 00583nam a2200229Ia 4500
003 OSt
005 20221005120855.0
006 a|||||r|||| 00| 0
007 ta
008 221004b |||||||| |||| 00| 0 ben d
024 _a122895
037 _cTextual
040 _aCRL
_cCRL
_bben
041 _2ben
_aben
082 _aO113,3M99x, 157N4
100 _aKastner Erich
_9629760
245 0 _aFlying classroom
260 _c1994
650 _aGERMAN LITERATURE
_915713
942 _hO113,3M99x, 157N4
_cTEXL
_2cc
999 _c1039380
_d1039380